000 01426nam0a22003011 4500
001 rc\4247962
005 20250611143159.0
021 _aRU
_bРг6331-65
035 _a(NLR Aleph) 008233107
090 _a8229449
_c8229449
100 _a20130416d1965 |||y0rusy50 ca
101 0 _arus
102 _aRU
105 _aa z |||||
200 1 _aКомплексное решение проблемы разработки группы газоконденсатных (газовых) месторождений, как единого целого на примере месторождений Краснодарского края
_fГазпром СССР. Техн. совет
210 _aМосква
_cБ. и.
_d1965
215 _a19, [6] с., включ. обл.
_cдиагр.
_d20
300 _aНа 1-й с. текста авт.: Н.К. Байбаков, Б.Б. Лапук, Ф.А. Требин
300 _aОтпеч. множит. аппаратом
700 1 _aБайбаков
_bН.К.
_f1911-
_gНиколай Константинович
701 1 _aТребин
_bФ.А.
_gФома Андреевич
701 1 _aЛапук
_bБ.Б.
_gБернард Борисович
712 0 2 _aСССР. Производственный ком. по газовой пром. Техн. совет
801 0 _aRU
_bNLR
_gpsbo
801 1 _aRU
_bELAR
_2rusmarc
852 _aNLR
_j65-4/13116
942 _cBOOK
980 _aNB